[Event "GER-chT U20"]
[Site "Duesseldorf"]
[Date "2017.12.29"]
[Round "5.4"]
[White "Stein, Daniel1111"]
[Black "Kuckling, Linus"]
[Result "0-1"]
[WhiteElo "1960"]
[BlackElo "1804"]
[PlyCount "126"]
[EventDate "2017.12.27"]
[EventType "team-swiss"]
[EventRounds "7"]
[EventCountry "GER"]
[SourceTitle "CBM 182 Extra"]
[Source "ChessBase"]
[SourceDate "2018.02.23"]
[SourceVersion "1"]
[SourceVersionDate "2018.02.23"]
[SourceQuality "1"]
[WhiteTeam "Frankenthal U20"]
[BlackTeam "Lippstadt Turm U20"]
[WhiteTeamCountry "GER"]
[BlackTeamCountry "GER"]

1. d4 Nf6 2. g3 g6 3. Bg2 Bg7 4. Nf3 0-0 5. 0-0 d6 6. c4 c5 7. Nc3 Nc6 8. dxc5 dxc5 9. Be3 Nd7 10. Qd2 Nce5 11. Nxe5 Nxe5 12. Qxd8 Rxd8 13. Bxc5 Nxc4 14. Bxe7 Rd2 15. Rfd1 Be6 16. Rxd2 Nxd2 17. Nd5 Bxd5 18. Bxd5 Re8 19. Bb4 Rd8 20. Bxb7 Bxb2 21. Rd1 Nf3+ 22. Bxf3 Rxd1+ 23. Kg2 Rd4 24. a3 Rc4 25. Bd5 Rc2 26. Kf3 Bc3 27. Bc5 a5 28. a4 Kg7 29. Be7 Bb4 30. Bg5 f6 31. Bf4 g5 32. Bb8 Rc8 33. Ba7 Bc5 34. Be6 Rc6 35. Bd7 Rc7 36. Bxc5 Rxc5 37. g4 Kf7 38. Ke3 Re5+ 39. Kf3 Ke7 40. Bc8 Kd6 41. e3 Kc5 42. Bd7 Rd5 43. Be8 Rd8 44. Bb5 Rb8 45. Bd7 Rb4 46. h3 Rb2 47. Kg3 Kb4 48. f4 Ra2 49. h4 h6 50. hxg5 hxg5 51. Kf3 Rxa4 52. Ke4 Ra1 53. Kf5 gxf4 54. exf4 Rf1 55. Kxf6 Rxf4+ 56. Ke7 Re4+ 57. Be6 a4 58. g5 a3 59. g6 a2 60. g7 Rxe6+ 61. Kxe6 a1Q 62. Kf7 Qf1+ 63. Ke8 Qc4 0-1

[Event "GER-chT U20"]
[Site "Osnabrueck"]
[Date "2013.12.29"]
[Round "6.4"]
[White "Kuckling, Linus"]
[Black "Mikeler, Marcel"]
[Result "1/2-1/2"]
[WhiteElo "1672"]
[BlackElo "1735"]
[PlyCount "80"]
[EventDate "2013.12.27"]
[EventType "team-swiss"]
[EventRounds "7"]
[EventCountry "GER"]
[SourceTitle "EXT 2015"]
[Source "ChessBase"]
[SourceDate "2014.11.20"]
[SourceVersion "1"]
[SourceVersionDate "2014.11.20"]
[SourceQuality "1"]
[WhiteTeam "Lippstadt Turm"]
[BlackTeam "Heilbronn"]
[WhiteTeamCountry "GER"]
[BlackTeamCountry "GER"]

1. e4 c6 2. d4 d5 3. e5 Bf5 4. Nf3 e6 5. Bd3 Bxd3 6. Qxd3 Nd7 7. 0-0 Ne7 8. Bg5 Qb6 9. b3 c5 10. c3 Nc6 11. Nbd2 Rc8 12. Rfc1 cxd4 13. cxd4 Ba3 14. Rd1 0-0 15. Nf1 Nb4 16. Qe2 Rc2 17. Rd2 Rfc8 18. Ne3 Rc1+ 19. Rd1 Rxa1 20. Rxa1 Qc6 21. h3 Nc2 22. Nxc2 Qxc2 23. Qb5 Qc6 24. Qe2 a6 25. Rd1 a5 26. Ne1 Nb6 27. Nd3 Qb5 28. Bc1 Bxc1 29. Rxc1 Rxc1+ 30. Nxc1 Qb4 31. Qd1 Qc3 32. Kf1 Kf8 33. Ke2 Nd7 34. Qd2 Qc7 35. Nd3 b6 36. Qc1 Qxc1 37. Nxc1 Ke7 38. Ke3 Nb8 39. Nd3 Nc6 40. a3 f6 1/2-1/2

[Event "Lippe Cup-B 08th"]
[Site "Lieme"]
[Date "2011.10.29"]
[Round "3"]
[White "Kopp, Daniel"]
[Black "Kuckling, Linus"]
[Result "1-0"]
[WhiteElo "1694"]
[BlackElo "1490"]
[PlyCount "115"]
[EventDate "2011.10.28"]
[EventType "swiss"]
[EventRounds "5"]
[EventCountry "GER"]
[SourceTitle "EXT 2012"]
[Source "ChessBase"]
[SourceDate "2011.11.24"]
[SourceVersion "1"]
[SourceVersionDate "2011.11.24"]
[SourceQuality "1"]

1. d4 f5 2. c4 Nf6 3. Nf3 g6 4. Nc3 Bg7 5. Bf4 0-0 6. e3 d6 7. h3 Qe8 8. Qb3 Qf7 9. Ng5 Qe8 10. c5+ Kh8 11. cxd6 h6 12. dxc7 Na6 13. Ne6 Bxe6 14. Qxe6 Nb4 15. Rc1 Rc8 16. Bb5 Nc6 17. d5 Nxd5 18. Qxd5 e5 19. Bh2 Rxc7 20. Rd1 Rff7 21. Bxc6 Rxc6 22. Qd8 Qxd8 23. Rxd8+ Kh7 24. Kd2 Rfc7 25. Rd1 b5 26. Rc1 a6 27. Rd5 b4 28. Ne2 Rxc1 29. Nxc1 Re7 30. Nd3 e4 31. Ne5 Bxe5 32. Bxe5 Kg8 33. Bd4 Kf7 34. Rd6 Re6 35. Rxe6 Kxe6 36. Bc5 a5 37. Bb6 a4 38. Bc5 b3 39. axb3 axb3 40. Kc3 Kd5 41. Bd4 g5 42. Kxb3 f4 43. Kc3 h5 44. b4 f3 45. g4 h4 46. b5 Kd6 47. Kc4 Kc7 48. Kc5 Kb7 49. Bf6 Ka7 50. Kc6 Kb8 51. Kb6 Ka8 52. Kc7 Ka7 53. Bd4+ Ka8 54. Bf6 Ka7 55. b6+ Ka8 56. b7+ Ka7 57. b8Q+ Ka6 58. Qb6# 1-0

[Event "Lippe Cup-B 07th"]
[Site "Lieme"]
[Date "2010.10.17"]
[Round "5"]
[White "Rehbein, Ulrich"]
[Black "Kuckling, Linus"]
[Result "1/2-1/2"]
[WhiteElo "1628"]
[BlackElo "1486"]
[PlyCount "50"]
[EventDate "2010.10.15"]
[EventType "swiss"]
[EventRounds "5"]
[EventCountry "GER"]
[SourceTitle "EXT 2012"]
[Source "ChessBase"]
[SourceDate "2011.11.24"]
[SourceVersion "1"]
[SourceVersionDate "2011.11.24"]
[SourceQuality "1"]

1. Nf3 Nf6 2. c4 Nc6 3. d4 e6 4. a3 Be7 5. Nc3 d5 6. Bf4 0-0 7. e3 Bd6 8. Bg5 Be7 9. Bd3 dxc4 10. Bxc4 Bd7 11. 0-0 Rc8 12. Rc1 Nh5 13. Bxe7 Nxe7 14. Ne5 Nf6 15. Ba2 c5 16. Bb1 a6 17. Qf3 cxd4 18. exd4 Nc6 19. Rfd1 Qb6 20. Qd3 g6 21. g4 Nxe5 22. dxe5 Nxg4 23. Qg3 Nh6 24. Rxd7 Qxb2 25. Rdd1 Ng4 1/2-1/2

[Event "Lippe Cup-B 07th"]
[Site "Lieme"]
[Date "2010.10.16"]
[Round "3"]
[White "Fluechter, Markus"]
[Black "Kuckling, Linus"]
[Result "0-1"]
[WhiteElo "1300"]
[BlackElo "1486"]
[PlyCount "41"]
[EventDate "2010.10.15"]
[EventType "swiss"]
[EventRounds "5"]
[EventCountry "GER"]
[SourceTitle "EXT 2012"]
[Source "ChessBase"]
[SourceDate "2011.11.24"]
[SourceVersion "1"]
[SourceVersionDate "2011.11.24"]
[SourceQuality "1"]

1. h3 e5 2. e4 Nf6 3. Nc3 Bb4 4. Nf3 0-0 5. Nxe5 d5 6. Nd3 Bxc3 7. e5 Bxd2+ 8. Bxd2 Ne4 9. Bf4 Re8 10. f3 Nf6 11. Qd2 Nh5 12. Bh2 Qh4+ 13. Qf2 Qxf2+ 14. Kxf2 g6 15. g4 Ng7 16. Nc5 Nd7 17. Nd3 Ne6 18. Nb4 c6 19. f4 Ndc5 20. Bd3 a5 21. f5 0-1

[Event "Lippe Cup 05th"]
[Site "Lieme"]
[Date "2008.09.27"]
[Round "3"]
[White "Hilverda, Jan"]
[Black "Kuckling, Linus"]
[Result "1/2-1/2"]
[WhiteElo "939"]
[BlackElo "1163"]
[PlyCount "33"]
[EventDate "2008.09.26"]
[EventType "swiss"]
[EventRounds "5"]
[EventCountry "GER"]
[SourceTitle "EXT 2012"]
[Source "ChessBase"]
[SourceDate "2011.11.24"]
[SourceVersion "1"]
[SourceVersionDate "2011.11.24"]
[SourceQuality "1"]

1. e4 c5 2. Nf3 d6 3. Nc3 Nf6 4. d4 cxd4 5. Nxd4 g6 6. Bb5+ Bd7 7. 0-0 Bg7 8. Bxd7+ Qxd7 9. Be3 0-0 10. h3 Nc6 11. Nxc6 Qxc6 12. f3 b6 13. Qd2 Rac8 14. Bh6 Rfe8 15. Bxg7 Kxg7 16. Rac1 Qc5+ 17. Rf2 1/2-1/2

[Event "GER-ch U25 op"]
[Site "Willingen"]
[Date "2008.05.17"]
[Round "9"]
[White "Kuckling, Linus"]
[Black "Berger, Manuel"]
[Result "0-1"]
[WhiteElo "1181"]
[BlackElo "1541"]
[PlyCount "72"]
[EventDate "2008.05.11"]
[EventType "swiss"]
[EventRounds "9"]
[EventCountry "GER"]
[SourceTitle "CBM 124 Extra"]
[Source "ChessBase"]
[SourceDate "2008.07.03"]
[SourceVersion "1"]
[SourceVersionDate "2008.07.03"]
[SourceQuality "1"]

1. e4 c5 2. Nf3 a6 3. Bc4 g6 4. d4 cxd4 5. Nxd4 Bg7 6. 0-0 e6 7. Nc3 b5 8. Be2 Ne7 9. Bg5 h6 10. Bh4 0-0 11. Bf3 d6 12. Re1 Bb7 13. e5 d5 14. Qd2 Nd7 15. Bf6 g5 16. Bxg7 Kxg7 17. Bh5 Ng6 18. Bxg6 Kxg6 19. h3 Qc7 20. Nf3 Rac8 21. Rac1 Nc5 22. Nd4 Ne4 23. Nxe4 dxe4 24. f3 Qxe5 25. fxe4 Qc5 26. Qf2 Qe5 27. c3 Rc7 28. Nf3 Qf6 29. Rf1 Kg7 30. Nd2 Qxf2+ 31. Rxf2 b4 32. Rff1 Rd8 33. Rfd1 bxc3 34. Rxc3 Rxc3 35. bxc3 Bxe4 36. g3 Bc2 0-1

[Event "GER-ch U25 op"]
[Site "Willingen"]
[Date "2008.05.14"]
[Round "6"]
[White "Lang, Jan Hendrik"]
[Black "Kuckling, Linus"]
[Result "0-1"]
[WhiteElo "982"]
[BlackElo "1181"]
[PlyCount "64"]
[EventDate "2008.05.11"]
[EventType "swiss"]
[EventRounds "9"]
[EventCountry "GER"]
[SourceTitle "CBM 124 Extra"]
[Source "ChessBase"]
[SourceDate "2008.07.03"]
[SourceVersion "1"]
[SourceVersionDate "2008.07.03"]
[SourceQuality "1"]

1. e4 c5 2. Nf3 d6 3. Nc3 Nf6 4. d4 cxd4 5. Nxd4 g6 6. f3 Bg7 7. Be3 0-0 8. Qd2 Nc6 9. 0-0-0 Bd7 10. Bh6 Rc8 11. Bxg7 Kxg7 12. Bc4 Na5 13. Bb5 Bxb5 14. Ncxb5 a6 15. Nc3 Nc6 16. h4 Qb6 17. Nce2 Qb4 18. c3 Qa4 19. Nc2 Qxa2 20. g4 Qa5 21. h5 gxh5 22. gxh5 Nxh5 23. Rdg1+ Kh8 24. Rg5 Qa2 25. Rgxh5 f6 26. Qh6 Rf7 27. Rg1 Na5 28. Rh3 Nb3+ 29. Kd1 Qxb2 30. f4 Qb1+ 31. Nc1 Qxc1+ 32. Ke2 Qxg1 0-1

[Event "Sachsen-ch U08"]
[Site "Sebnitz"]
[Date "2006.04.21"]
[Round "7"]
[White "Kuckling, Linus"]
[Black "Richter, Leonard"]
[Result "0-1"]
[WhiteElo "804"]
[BlackElo "947"]
[PlyCount "88"]
[EventDate "2006.04.18"]
[EventType "swiss"]
[EventRounds "7"]
[EventCountry "GER"]
[SourceTitle "EXT 2007"]
[Source "ChessBase"]
[SourceDate "2006.11.23"]
[SourceVersion "1"]
[SourceVersionDate "2006.11.23"]
[SourceQuality "1"]

1. e4 e5 2. Nf3 Nc6 3. Bc4 Bc5 4. c3 Nf6 5. d4 exd4 6. cxd4 Bb4+ 7. Bd2 Bxd2+ 8. Nbxd2 d5 9. exd5 Nxd5 10. 0-0 0-0 11. Qc2 Be6 12. a3 Re8 13. Ne4 Bf5 14. Rfe1 Nf4 15. Nfg5 Qxg5 16. Nxg5 Bxc2 17. Bxf7+ Kf8 18. Bxe8 Rxe8 19. Nxh7+ Bxh7 20. Rxe8+ Kxe8 21. Re1+ Kd7 22. Rd1 Ne2+ 23. Kf1 Nexd4 24. b4 Ke6 25. Re1+ Kd5 26. Rd1 Ne5 27. f4 Nc4 28. a4 Ne3+ 29. Ke1 Nxd1 30. Kxd1 Bc2+ 31. Kd2 Bxa4 32. g4 Nf3+ 33. Ke3 Bd1 34. h3 Nh2 35. g5 Ba4 36. f5 c5 37. bxc5 Kxc5 38. f6 gxf6 39. gxf6 Bb3 40. Kf2 a5 41. Kg2 a4 42. h4 Ng4 43. h5 Nxf6 44. h6 a3 0-1

[Event "Sachsen-ch U08"]
[Site "Sebnitz"]
[Date "2006.04.20"]
[Round "5"]
[White "Kuckling, Linus"]
[Black "Stefani, Victor"]
[Result "1-0"]
[WhiteElo "804"]
[BlackElo "777"]
[PlyCount "61"]
[EventDate "2006.04.18"]
[EventType "swiss"]
[EventRounds "7"]
[EventCountry "GER"]
[SourceTitle "EXT 2007"]
[Source "ChessBase"]
[SourceDate "2006.11.23"]
[SourceVersion "1"]
[SourceVersionDate "2006.11.23"]
[SourceQuality "1"]

1. e4 c5 2. d4 cxd4 3. c3 dxc3 4. Nxc3 e5 5. Nf3 Nc6 6. Bc4 Bb4 7. a3 Bc5 8. 0-0 Nf6 9. Bg5 Be7 10. Nd5 Nxd5 11. exd5 Bxg5 12. Nxg5 Qxg5 13. dxc6 dxc6 14. Re1 0-0 15. Qc2 Bh3 16. g3 Qg4 17. Qc3 e4 18. Rad1 Rad8 19. Be2 Qf5 20. Rd2 Rxd2 21. Qxd2 Bg4 22. Bxg4 Qxg4 23. Rd1 h6 24. Re1 f5 25. Qd7 f4 26. Qxg4 g5 27. Qe6+ Kg7 28. Rxe4 Rf6 29. Qe7+ Rf7 30. Qc5 fxg3 31. hxg3 1-0